Možnosti využitia AI pri útokoch v kyberpriestore
Saved in:
| Main Author: | |
|---|---|
| Other Authors: | |
| Format: | Manuscript Book |
| Language: | Slovak |
| Published: |
Bratislava :
STU v Bratislave FEI,
2024
|
| Subjects: | |
| Online Access: | https://opac.crzp.sk/?fn=detailBiblioFormChildSNG7M&sid=9A7D98113A4E7D6F09AD7FA0EB46&seo=CRZP-detail-kniha |
| Tags: |
No Tags, Be the first to tag this record!
|
MARC
| LEADER | 00000ntm a22000003a 4500 | ||
|---|---|---|---|
| 001 | stuzp96577 | ||
| 003 | SK-STU | ||
| 005 | 20250513125840.9 | ||
| 007 | ta | ||
| 008 | 150427s2015----xo-----f-mn---000-0-slo-d | ||
| 040 | |a STU |b slo | ||
| 041 | 0 | |a slo | |
| 044 | |a xo | ||
| 100 | 1 | |a Mlynček, Marek |u 035000 |4 aut |U FEI Fakulta elektrotechniky a informatiky |T FEI Ústav informatiky a matematiky |X 97879 |U E050 |Y 816 |7 97879 | |
| 242 | 0 | 1 | |a Possibilities of using AI in cyberspace attacks |y eng |
| 245 | 1 | 0 | |a Možnosti využitia AI pri útokoch v kyberpriestore |
| 260 | |a Bratislava : |b STU v Bratislave FEI, |c 2024 | ||
| 300 | |a 82 s. | ||
| 650 | 4 | |a penetračné testovanie |2 slo | |
| 650 | 4 | |a veľké jazykové modely |2 slo | |
| 650 | 4 | |a automatizácia |2 slo | |
| 650 | 4 | |a bezpečnosť Android aplikácií |2 slo | |
| 650 | 4 | |a penetration testing |2 eng | |
| 650 | 4 | |a automatization |2 eng | |
| 650 | 4 | |a Android application security |2 eng | |
| 650 | 4 | |a large language model |2 eng | |
| 700 | 1 | |a Balogh, Štefan |u 035000 |k Z1 |4 ths |U FEI Fakulta elektrotechniky a informatiky |T FEI Ústav informatiky a matematiky |X 30190 |U E050 |Y 816 |7 A000030190 | |
| 856 | 4 | |u https://opac.crzp.sk/?fn=detailBiblioFormChildSNG7M&sid=9A7D98113A4E7D6F09AD7FA0EB46&seo=CRZP-detail-kniha | |